| 000 | 00368nam a2200133Ia 4500 | ||
|---|---|---|---|
| 008 | 220217s9999||||xx |||||||||||||| ||und|| | ||
| 020 | _a9788131805831 | ||
| 082 | _a621.402 RAJ | ||
| 100 |
_aRajput, R K _93460 |
||
| 245 | 0 | _aApplied thermodynamics | |
| 260 |
_aLaxmi publications _bNew Delhi _c2011 |
||
| 300 |
_aVI, 962p. _b595 |
||
| 650 |
_aThermodynamics _96541 |
||
| 999 |
_c183396 _d183396 |
||